000 00518nam a2200193Ia 4500
005 20250508150427.0
008 008 250505s9999 xx 000 0 eng d
037 _aTextual
040 _aFEDL
_beng
_cFEDL
041 _aeng
_2eng
084 _a401.43, SHA
_qFEDL
100 _aSharma Swami Nath
_9756673
245 0 _aLingua Indiana
260 _aBombay, India
_bNalanda Publications
_c1947
300 _a57p.
546 _aWeeded out
942 _cTEXL
_h401.43, SHA
999 _c1323586
_d1323586